书目信息 |
| 题名: |
自然资源开发利用的理论与实践
|
|
| 作者: | 朱连奇 , 赵秉栋 编著 | |
| 分册: | ||
| 出版信息: | 北京 科学出版社 2004 |
|
| 页数: | 195页 | |
| 开本: | 26cm | |
| 丛书名: | ||
| 单 册: | ||
| 中图分类: | X37 | |
| 科图分类: | ||
| 主题词: | 自然资源--资源利用--研究 , 自然资源开发 , 自然资源开发--研究 , 资源利用 , 自然资源 | |
| 电子资源: | ||
| ISBN: | 7-03-014184-9 | |
| 000 | 01015nam0 2200301 450 | |
| 000 | 01022nam0 2200301 450 | |
| 000 | 00956nam0 2200277 450 | |
| 000 | 00919nam0 2200265 45 | |
| 005 | 20070525112342.95 | |
| 010 | @a7-03-014184-9@dCNY28.00 | |
| 100 | @a20070420d2004 em y0chiy0120 ea | |
| 101 | 0 | @achi |
| 102 | @aCN@b110000 | |
| 105 | @ay z 000yy | |
| 200 | 1 | @a自然资源开发利用的理论与实践@AZi Ran Zi Yuan Kai Fa Li Yong De Li Lun Yu Shi Jian@f朱连奇,赵秉栋编著@FZhu Lian Qi, Zhao Bing Dong Bian Zhu |
| 210 | @a北京@c科学出版社@d2004 | |
| 215 | @a195页@d26cm | |
| 330 | @a本书以自然资源基本属性为出发点,全面地阐述了自然资源科学的基本理论、研究方法以及自然资源开发的理论基础等。 | |
| 606 | 0 | @a自然资源@x资源利用@x研究 |
| 606 | 0 | @a自然资源开发 |
| 606 | 0 | @a自然资源开发@x研究 |
| 606 | 0 | @a资源利用 |
| 606 | 0 | @a自然资源 |
| 690 | @aX37@v4 | |
| 701 | 0 | @a朱连奇@AZhu Lian Qi@4编著 |
| 701 | 0 | @a赵秉栋@AZhao Bing Dong@4编著 |
| 801 | 0 | @aCN@bTAOJIN@c20070525 |
| 905 | @a10447@dX37@e69 | |
| 自然资源开发利用的理论与实践/朱连奇,赵秉栋编著.-北京:科学出版社,2004 |
| 195页;26cm |
| ISBN 7-03-014184-9:CNY28.00 |
| 本书以自然资源基本属性为出发点,全面地阐述了自然资源科学的基本理论、研究方法以及自然资源开发的理论基础等。 |
| ● |
| 相关链接 |
|
|
|
|
正题名:自然资源开发利用的理论与实践
索取号:X37/69
 
预约/预借
| 序号 | 登录号 | 条形码 | 馆藏地/架位号 | 状态 | 备注 |
| 1 | 0522473 | 205224737 | 第二样本阅览室/ [索取号:X37/69] | 在馆 | |
| 2 | 0522474 | 205224746 | 第三借阅区/ [索取号:X37/69] | 在馆 |